000 01287nam a2200301 c 4500
003 BLK
005 20180421000624.0
008 180411b bul|||||r ||||||| ||bul||
010 _aKNG00199207000
040 _aBLK
041 _aBUL
_cBUL
072 7 _2bullib
_aА
_xФонд Михаил Арнаудов
080 _aАлманаси. Календари. Отраслови календари се класифицират по тема с определител (059). Вж и 529
_b059
_x(497.2:470)
_z059(497.2:470)
139 _aБългаро-руски календар за 1879
_bБ 92
245 1 0 _aБългаро-руски календар за 1879
_b3-та год. по високос
257 _aBGR
260 София
_c1879
_fСофия : скоропеч. Янко С. Ковачев
300 _a230, 3 с., 1 л.
_bпортр.
_c25 см
380 _a0
500 _aСъдържа подпис на Михаил Арнаудов ; Отбелязва място в кн.: с. 89. - Мека подв.
650 4 _aКалендари
_9158145
659 _aА
852 _aЦб МА 2843
856 4 _qpdf
_u
856 4 _qpdf
_u
942 _cKNG
_n0
944 _aCR
_c13.01.2017
_kГеновева_Генчева
944 _aED
_c13.01.2017
_kГеновева_Генчева
999 _c190144
_d190144